21 ਵੀਂ ਸਦੀ ਦੀ ਪੰਜਾਬੀ ਕਹਾਣੀ: ਬਿਰਤਾਂਤ ਸ਼ਾਸਤਰੀ ਅਧਿਅਨ (Record no. 1851165)

MARC details
000 -LEADER
fixed length control field 00818nam a2200193 4500
005 - DATE AND TIME OF LATEST TRANSACTION
control field 20260511114348.0
008 - FIXED-LENGTH DATA ELEMENTS--GENERAL INFORMATION
fixed length control field 260511b |||||||| |||| 00| 0 eng d
040 ## - CATALOGING SOURCE
Transcribing agency CRL
041 ## - LANGUAGE CODE
Language code of text ਪੰਜਾਬੀ
100 ## - MAIN ENTRY--PERSONAL NAME
Student/researcher name ਕੌਰ, ਪਰਮਿੰਦਰ
245 ## - TITLE STATEMENT
Title 21 ਵੀਂ ਸਦੀ ਦੀ ਪੰਜਾਬੀ ਕਹਾਣੀ: ਬਿਰਤਾਂਤ ਸ਼ਾਸਤਰੀ ਅਧਿਅਨ
Statement of responsibility, etc. by ਪਰਿੰਦਰ ਕੌਰ
260 ## - PUBLICATION, DISTRIBUTION, ETC.
Place of publication, distribution, etc. ਦਿੱਲੀ,
Name of publisher, distributor, etc. ਯੂਨੀਵਰਸਿਟੀ ਔਫ ਦਿੱਲੀ:
Date of publication, distribution, etc. 2025.
300 ## - PHYSICAL DESCRIPTION
Extent 207 ਪ.
502 ## - Thesis Note
Degree type Ph.D.
Name of granting institution University of Delhi
650 ## - SUBJECT ADDED ENTRY--TOPICAL TERM
LCSH or local subjects Punjabi Literature
710 ## - ADDED ENTRY--CORPORATE NAME
Department ਡਿਪਾਰਟਮੇਂਟ ਔਫ ਪੰਜਾਬੀ, ਯੂਨੀਵਰਸਿਟੀ ਔਫ ਦਿੱਲੀ,
942 ## - ADDED ENTRY ELEMENTS (KOHA)
Koha item type Thesis
100 ## - MAIN ENTRY--PERSONAL NAME
-- 1238942
710 ## - ADDED ENTRY--CORPORATE NAME
-- 1238943
999 ## -
-- 1851165
-- 1851165
Holdings
Withdrawn status Lost status Not for loan Home library Current library Date acquired Accession Number Koha item type
      Central Library Central Library 2026-05-11 TH0028758 Thesis
Copyright @ Delhi University Library System